Discrete event system simulation (Record no. 4265)
[ view plain ]
| 000 -LEADER | |
|---|---|
| fixed length control field | 00742nam a22002537a 4500 |
| 003 - CONTROL NUMBER IDENTIFIER | |
| control field | OSt |
| 005 - DATE AND TIME OF LATEST TRANSACTION | |
| control field | 20220107122747.0 |
| 008 - FIXED-LENGTH DATA ELEMENTS--GENERAL INFORMATION | |
| fixed length control field | 140528b xxu||||| |||| 00| 0 eng d |
| 020 ## - INTERNATIONAL STANDARD BOOK NUMBER | |
| International Standard Book Number | 9788131796993 |
| 040 ## - CATALOGING SOURCE | |
| Transcribing agency | IIITM-K |
| 082 ## - DEWEY DECIMAL CLASSIFICATION NUMBER | |
| Classification number | 003.83 BAN/D |
| 100 ## - MAIN ENTRY--PERSONAL NAME | |
| Personal name | Banks, Jerry |
| 9 (RLIN) | 5495 |
| 245 ## - TITLE STATEMENT | |
| Title | Discrete event system simulation |
| Statement of responsibility, etc. | by Jerry Banks; John S Carson II; Barry L Nelson; David M Nicol |
| 250 ## - EDITION STATEMENT | |
| Edition statement | 5th ed. |
| 260 ## - PUBLICATION, DISTRIBUTION, ETC. | |
| Place of publication, distribution, etc. | New Delhi, |
| Name of publisher, distributor, etc. | Dorling Kindersley, |
| Date of publication, distribution, etc. | 2013. |
| 300 ## - PHYSICAL DESCRIPTION | |
| Extent | 640p. |
| 650 ## - SUBJECT ADDED ENTRY--TOPICAL TERM | |
| Topical term or geographic name entry element | COMPUTER SCIENCE |
| 9 (RLIN) | 5496 |
| 650 ## - SUBJECT ADDED ENTRY--TOPICAL TERM | |
| Topical term or geographic name entry element | COMPUTER MODELING |
| 9 (RLIN) | 5497 |
| 650 ## - SUBJECT ADDED ENTRY--TOPICAL TERM | |
| Topical term or geographic name entry element | SYSTEM SIMULATION |
| 9 (RLIN) | 5498 |
| 700 ## - ADDED ENTRY--PERSONAL NAME | |
| Personal name | Carson II, John S |
| 9 (RLIN) | 5499 |
| 700 ## - ADDED ENTRY--PERSONAL NAME | |
| Personal name | Nelson, Barry L |
| 9 (RLIN) | 5500 |
| 700 ## - ADDED ENTRY--PERSONAL NAME | |
| Personal name | Nicol, David M |
| 9 (RLIN) | 5501 |
| 942 ## - ADDED ENTRY ELEMENTS (KOHA) | |
| Source of classification or shelving scheme | Dewey Decimal Classification |
| Koha item type | Books |
| Withdrawn status | Lost status | Source of classification or shelving scheme | Damaged status | Not for loan | Collection code | Home library | Current library | Shelving location | Date acquired | Cost, normal purchase price | Total Checkouts | Full call number | Barcode | Date last seen | Date last checked out | Price effective from | Koha item type |
|---|---|---|---|---|---|---|---|---|---|---|---|---|---|---|---|---|---|
| Dewey Decimal Classification | Systems | Kerala University of Digital Sciences, Innovation and Technology Knowledge Centre | Kerala University of Digital Sciences, Innovation and Technology Knowledge Centre | Computer Science | 18/04/2023 | 338.00 | 1 | 003.83 BAN/D | 3931 | 14/03/2023 | 13/03/2023 | 28/05/2014 | Books |